Statistiques concernant Pays remportant le titre Miss Univers

Cliquez ici pour prendre le quiz!

Statistiques générales

  • Ce quiz a été pris 891 fois
  • Le résultat moyen est 20 sur 34

Statistiques - réponses

TitresPays% Correct
2France
100%
8États-Unis
98%
1Espagne
88%
2Brésil
84%
2Japon
84%
1Russie
84%
2Canada
82%
2Colombie
82%
2Mexique
81%
2Australie
80%
1Allemagne
76%
1Argentine
76%
2Inde
74%
1Afrique du Sud
73%
3Suède
72%
7Venezuela
70%
1Norvège
67%
2Finlande
65%
1Chili
63%
3Philippines
59%
1Perou
54%
2Thailande
53%
1Gréce
49%
1Nouvelle-Zélande
47%
1Pays-Bas
42%
1Panama
37%
1Israel
31%
1Angola
29%
5Puerto Rico
21%
1Republiqué Dominicaine
20%
1Liban
18%
2Trinite-et-Tobago
15%
1Botswana
14%
1Namibie
13%

Distribution des résultats

Percentile par nombre de réponses

% des personnes avec chaque résultat

Votre développement - résultats

Vous n’avez pas pris ce quiz